000 01040nam a2200265 i 4500
001 bg
003 KOSZ 005
005 20200414143812.0
008 080527s1962 pl a f f 001 0 pol
015 _aPB 1962/4926
040 _aWA N
_cKOSZ 005/RW
_dKOSZ 005/RW
080 _a621
100 1 _aOderfeld, Jan
_d(1908-2010)
_eAutor
245 1 0 _aWstęp do mechanicznej teorii maszyn /
_cJan Oderfeld.
260 _aWarszawa :
_bWydawnictwa Naukowo-Techniczne,
_c1962.
300 _a295, [1] s. :
_bil. ;
_c25 cm.
380 _aKsiążki.
504 _aBibliogr. s. 291-[292]. Indeks.
521 8 _aZatwierdz. przez Ministerstwo Szkolnictwa Wyższego dla studentów wydz. mechan. wyższych szkół technicznych. - Również dla techników i inżynierów konstruktorów.
650 4 _aMaszyny
_xteoria.
655 4 _aPodręcznik
710 2 _aWydawnictwa Naukowo-Techniczne
_4pbl.
856 _uhttp://koha.tu.koszalin.pl/cgi-bin/koha/opac-detail.pl?biblionumber=10675
_yKatalog online BPK
942 _2UKD
_cKS
999 _c10675
_d10675